| 000 | 00541nam a2200217 a 4500 | ||
|---|---|---|---|
| 999 |
_c4971 _d4971 |
||
| 001 | 4971 | ||
| 003 | BD-JhCC | ||
| 005 | 20171206101249.0 | ||
| 008 | 171206s1959 e a|||| || | 000 0 eng d | ||
| 035 | _a(BD-JhCC)4971 | ||
| 040 |
_aBD-JhCC _dBD-JhCC |
||
| 041 | _aeng | ||
| 082 |
_a398.2 _bGRI 1959 |
||
| 100 | _aGrimm, Brothers | ||
| 245 |
_aThe Sleeping Beauty / _cBrothers Grimm, |
||
| 260 |
_aLondon : _bOxford University Press, _c1959. |
||
| 300 |
_a15 p. : _c30 cm. |
||
| 650 | _aFairy Tales | ||
| 942 |
_2ddc _cBK |
||